000 00728nam a2200289Ia 4500
005 20260324114812.0
008 008 260324s9999 xx 000 0 eng d
020 _a9781003010937
037 _aEBOOK
040 _aCRL
040 _beng
040 _cCRL
041 _2eng
041 _aeng
084 _qCRL
100 _aRahul Saha; Pankaj Tiwari; Ramgopal V.S. Uppaluri
_91152220
245 0 _aChemical Nanofluids in Enhanced Oil Recovery
245 0 _bFundamentals and Applications
260 _bTaylor and Francis
260 _c2021
365 _a
365 _b210
856 _uhttp://www.taylorfrancis.com/books/9781003010937
942 _cEBOOK
999 _c1742605
_d1742605